| 000 | 00787 a2200217 4500 | ||
|---|---|---|---|
| 010 | _aENG-89501 | ||
| 020 |
_c950.00 _a8183187072 |
||
| 035 | _aEN-73034 | ||
| 037 | _bDBAD / PUB | ||
| 082 | 1 | 4 | _a658 |
| 090 |
_c11036 _d11036 |
||
| 100 | 1 | _aMithani, D.M. | |
| 245 | 1 |
_aBeyond the rhythms of management/ _cby D.M.Mithani [and] Juhary Haji Ali |
|
| 260 |
_aNew Delhi _bHimalaya Publishing House _c2008 |
||
| 270 |
_a"Pooja Apartments", 4-B, Murari Lal Street, Ansari Road, Darya Ganj, _bNew Delhi _e110 002 _cDelhi _k23270392, 23278631 _l011-23256286 |
||
| 300 |
_a363p. _c22 cm. (Hb) |
||
| 500 | _aIncludes index | ||
| 700 | _aJuhary Haji Ali | ||
| 942 |
_adpl _cEN _k658/ MIT |
||
| 999 |
_c10733 _d10733 |
||